banner-ar

INTRODUCTION TO DATABASE AND KNOWELDGE BASE SYSTEMS / (Record no. 15537)

MARC details
000 -الفاتح
حقل البيانات ثابتة الطول 00492nam a2200181Ia 4500
008 - عناصر البيانات ثابتة الطول - معلومات عامة
حقل البيانات ثابتة الطول 140319s9999 xx 000 0 eng d
040 ## - مصدر الفهرسة
وكالة الفهرسة الأصلية GCL /
وكالة النسخ GCL
082 04 - رقم تصنيف ديوى العشرى
رقم التصنيف 005.74
رقم المادة K I
100 1# - المدخل الرئيسى - إسم شخصى
الإسم الشخصى KRISHNA,S.
245 10 - بيان العنوان
العنوان INTRODUCTION TO DATABASE AND KNOWELDGE BASE SYSTEMS /
بيان المسئوليه,etc KRISHNA,S.
260 ## - PUBLICATION, DISTRIBUTION, ETC. (IMPRINT)
تاريخ النشر أو التوزيع 1992
300 ## - الوصف المادى
التعداد 328 PP
650 04 - المدخل الاضافى بالموضوع-مصطلح موضوعى
مصطلح موضوعي PROGRAMMING
650 04 - المدخل الاضافى بالموضوع-مصطلح موضوعى
مصطلح موضوعي COMPUTER POWER
650 04 - المدخل الاضافى بالموضوع-مصطلح موضوعى
مصطلح موضوعي DATABASE SYSTEMS
942 ## - عناصر المدخل الإضافي( كوها)
مصدر التصنيف او مخطط الترفيف Dewey Decimal Classification
Koha [default] item type كتاب
260 ## - PUBLICATION, DISTRIBUTION, ETC. (IMPRINT)
-- [S.N] :
-- WORLD SCIENTIFC PUBISHING ،
Holdings
حالة التراجع حالة الفقد حالة تلف ليس للاعارة المكان المؤقت الموقع الحالى تاريخ الاكتساب اجمالي اﻻعارات رقم الطلب الباركود تاريخ اخر مشاهدة تاريخ تفعيل السعر نوع وعاء كوها
        مكتبة القاهرة الكبرى مكتبة القاهرة الكبرى 03/26/2014   005.74\K I 28722 03/26/2014 03/26/2014 كتاب
        مكتبة القاهرة الكبرى مكتبة القاهرة الكبرى 03/26/2014   005.74\K I 28723 03/26/2014 03/26/2014 كتاب

Powered By

EGPV